| 000 | 00377nam a2200133Ia 4500 | ||
|---|---|---|---|
| 008 | 250506s9999 xx 000 0 und d | ||
| 024 | _a07B-146-EE & 07B-139-EE | ||
| 082 | _a621.4072 MUH | ||
| 100 | _aMuhammad Asim & Saif Ali Solangi | ||
| 245 | 0 | _aIncubator | |
| 260 |
_aKarachi: _bUIT, _c2007 |
||
| 600 | _aElectronic Engineering | ||
| 650 | _aBachelor of Engineering (BE) | ||
| 999 |
_c27925 _d27925 |
||